| 000 | 00806nam a2200241 a 4500 | ||
|---|---|---|---|
| 005 | 20250905063953.0 | ||
| 008 | 061117s2002 mx r 000 0 spa d | ||
| 020 | _a9682316243 | ||
| 035 | _aUPN01000148016 | ||
| 049 | _aCG | ||
| 050 | 4 |
_aHN110.5 _bA4.7 2002 |
|
| 245 | 0 | 0 |
_aAmérica Latina hoy / _cPedro Vuskovic ... [et al.]. |
| 250 | _a3a ed. | ||
| 260 |
_aMéxico : _bSiglo XXI : _bUniversidad de las Naciones Unidas, _c2002. |
||
| 300 | _a312 p. | ||
| 440 | 0 | _aBiblioteca América Latina : actualidad y perspectivas | |
| 651 | 4 |
_aAmérica Latina _xCondiciones económicas _92747 |
|
| 651 | 2 |
_aAmérica Latina _xCondiciones sociales _92836 |
|
| 650 | 4 |
_aCULTURA POLITICA - _zAMERICA LATINA _99651 |
|
| 650 | 2 |
_aMovimientos sociales _913536 |
|
| 700 | 1 |
_aVuskovic, Pedro, _ecoaut. |
|
| 905 | _aLibro | ||
| 999 |
_c120158 _d120158 |
||